Miasta w województwie kujawsko-pomorskim - Statystyki

Ogólne statystyki
  • Ten quiz został rozwiązany 207 razy
    32 od ostatniego zresetowania
  • Średni wynik to 31 z 56
Statystyki odpowiedzi
Populacja Miasto % Poprawnych
328 370 Bydgoszcz
100%
67 745 Inowrocław
100%
195 263 Toruń
100%
101 450 Włocławek
100%
89 081 Grudziądz
93%
17 062 Nakło nad Notecią
83%
28 370 Brodnica
80%
9 131 Kruszwica
80%
11 052 Mogilno
80%
11 395 Golub-Dobrzyń
77%
24 896 Świecie
77%
13 044 Tuchola
77%
13 124 Żnin
77%
11 470 Aleksandrów Kujawski
73%
10 214 Ciechocinek
73%
10 754 Koronowo
70%
18 228 Chełmno
63%
13 409 Lipno
63%
5 081 Radziejów
63%
15 290 Solec Kujawski
63%
3 288 Kowal
60%
15 466 Rypin
60%
8 785 Sępólno Krajeńskie
60%
6 985 Barcin
57%
13 767 Chełmża
57%
9 405 Szubin
57%
12 968 Wąbrzeźno
57%
4 544 Brześć Kujawski
53%
8 186 Janikowo
50%
4 217 Piotrków Kujawski
50%
5 240 Strzelno
50%
5 439 Nowe
47%
1 712 Chodecz
43%
1 983 Dobrzyń nad Wisłą
43%
2 456 Izbica Kujawska
43%
3 650 Jabłonowo Pomorskie
43%
2 338 Kamień Krajeński
43%
4 391 Łabiszyn
43%
6 685 Gniewkowo
40%
4 062 Kowalewo Pomorskie
40%
1 743 Nieszawa
40%
5 152 Pakość
40%
1 332 Lubień Kujawski
37%
3 433 Skępe
37%
5 680 Więcbork
37%
4 241 Kcynia
33%
3 058 Łasin
33%
2 716 Lubraniec
33%
4 137 Mrocza
33%
1 784 Radzyń Chełmiński
33%
1 104 Bobrowniki
30%
1 406 Gąsawa
30%
1 388 Górzno
30%
3 699 Janowiec Wielkopolski
30%
1 994 Kikół
30%
2 710 Pruszcz
30%
Nie znaleziono quizów pasujących do podanych kryteriów
Rozkład punktacji
Procent ludzi z każdym wynikiem
Percentyl według liczby udzielonych odpowiedzi
Twoja historia wyników
Nie rozwiązałeś tego quizu od ostatniego zresetowania